[Event "Solingen-ch 2019"]
[Site "Solingen"]
[Date "2019.12.06"]
[Round "7.5"]
[White "Becker, Carsten"]
[Black "Speck, Stefan"]
[Result "1/2-1/2"]
[WhiteElo "1819"]
[BlackElo "1991"]
[PlyCount "63"]
[EventDate "2019.??.??"]
[WhiteTeam "Elberfelder SG"]
[BlackTeam "SC Solingen 28"]

1. c4 e5 2. g3 Nc6 3. Bg2 Nf6 4. Nc3 Bc5 5. Nf3 {(=)} d6 6. a3 a6 7. b4 Ba7 8.
d3 h6 9. Qc2 Bg4 10. e3 Qd7 11. h3 Be6 12. Bd2 O-O 13. Ng1 Rab8 14. Nge2 Rfe8
15. Nd5 Nh7 16. Qa4 Nf8 17. Nec3 Qc8 18. b5 Ne7 19. Rb1 Nd7 20. Ke2 Nxd5 21.
Nxd5 Bxd5 22. cxd5 Nc5 23. Qc2 Qd7 24. Qc4 axb5 25. Rxb5 Qf5 26. g4 Qf6 27. h4
Qg6 28. g5 Bb6 29. Rxc5 Bxc5 30. Be4 Qh5+ 31. Bf3 Qg6 32. Be4 1/2-1/2

[Event "Solingen-ch 2019"]
[Site "Solingen"]
[Date "2019.12.06"]
[Round "7.6"]
[White "Kushchan, Eduard"]
[Black "Boschek, Dr. Hans-Joachim"]
[Result "0-1"]
[WhiteElo "1944"]
[BlackElo "1916"]
[PlyCount "120"]
[EventDate "2019.??.??"]
[WhiteTeam "SG Solingen"]
[BlackTeam "SG Solingen"]

1. d4 Nf6 2. c4 e6 3. Nc3 Bb4 4. e3 O-O 5. Nf3 d5 6. a3 Bxc3+ 7. bxc3 b6 8. Ne5
Nfd7 9. Nxd7 Qxd7 10. cxd5 exd5 11. Bd3 Ba6 12. O-O Bxd3 13. Qxd3 Re8 14. Bb2
Nc6 15. c4 Na5 16. cxd5 Qxd5 17. Rfd1 Nc4 18. Bc3 Re6 19. Qe2 Rae8 20. Rd3 Rg6
21. f3 f5 22. Be1 Rge6 23. Bf2 Nxe3 24. Qa2 Qxa2 25. Rxa2 Nd5 26. Kf1 Rc6 27.
g3 Kf7 28. h4 h5 29. Kg2 Ree6 30. Rb3 Rc4 31. Rab2 Rec6 32. Rb5 Rd6 33. Re2 a6
34. Rbb2 Re6 35. Rxe6 Kxe6 36. Re2+ Kd6 37. Re8 Nf6 38. Re5 g6 39. Be3 Nd5 40.
Bg5 Rxd4 41. Re8 Rc4 42. Rg8 Rc2+ 43. Kh3 Rc3 44. Rxg6+ Ke5 45. Kg2 Rxa3 46.
Rh6 b5 47. Rxh5 b4 48. Bh6 Kd4 49. Rxf5 Ne3+ 50. Bxe3+ Kxe3 51. Rf7 Ra2+ 52.
Kh3 Rc2 53. h5 b3 54. Rf6 c5 55. Rb6 Rc4 56. Rxa6 b2 57. Ra3+ Kd4 58. Rb3 Rb4
59. Rxb2 Rxb2 60. h6 Rb6 0-1

[Event "Solingen-ch 2019"]
[Site "Solingen"]
[Date "2019.12.06"]
[Round "7.7"]
[White "Meckel, Helmut"]
[Black "Alexopoulos, Dr. Spiros"]
[Result "1/2-1/2"]
[WhiteElo "1857"]
[BlackElo "1926"]
[PlyCount "93"]
[EventDate "2019.??.??"]
[WhiteTeam "SG Solingen"]
[BlackTeam "Aachener SV"]

1. b4 e5 2. Bb2 Bxb4 3. f4 exf4 4. Bxg7 Qh4+ 5. g3 fxg3 6. Bg2 gxh2+ 7. Kf1
hxg1=Q+ 8. Kxg1 Qg4 9. Bxh8 Nc6 10. Nc3 Bc5+ 11. e3 d6 12. Qxg4 Bxg4 13. Ne4
O-O-O 14. Rxh7 Bf5 15. Bh3 Bxh3 16. Rxh3 f5 17. Nxc5 dxc5 18. d3 Nge7 19. Bf6
Rg8+ 20. Kf2 Nd5 21. Bb2 Ncb4 22. e4 fxe4 23. dxe4 Nf4 24. Rc3 Nxc2 25. Rc1 Nd4
26. Ke3 Nfe2 27. Rxc5 Nxc1 28. Bxd4 Rg3+ 29. Kf4 Ne2+ 30. Ke5 Rg5+ 31. Kf6 Rxc5
32. Bxc5 Nc3 33. Bxa7 {(=)} Nxe4+ 34. Ke5 Nc3 35. Bc5 Nxa2 36. Kd4 Nc1 37. Ba3
Nb3+ 38. Kc4 Na5+ 39. Kb5 Nc6 40. Bc1 Kd7 41. Be3 Ne7 42. Kc5 c6 43. Bf2 Nd5
44. Bg3 b6+ 45. Kc4 Ke6 46. Bf2 Kf5 47. Bxb6 1/2-1/2

[Event "Solingen-ch 2019"]
[Site "Solingen"]
[Date "2019.12.06"]
[Round "7.8"]
[White "Helfer, Bernd"]
[Black "Kowalzick, Uwe"]
[Result "1-0"]
[WhiteElo "1717"]
[BlackElo "1782"]
[PlyCount "177"]
[EventDate "2019.??.??"]
[WhiteTeam "SC Erkrath"]
[BlackTeam "Velberter SG"]

1. Nf3 d5 2. g3 c5 3. Bg2 Nc6 4. O-O e5 5. d3 f5 6. c4 {(=)} d4 7. Na3 h6 8.
Nc2 Nf6 9. e3 Bd6 10. exd4 cxd4 11. a3 Qc7 12. Re1 O-O 13. b4 Bd7 14. b5 Ne7
15. Nb4 Rae8 16. Qb3 Be6 17. Nxd4 Bf7 18. Ne2 f4 19. Nc3 fxg3 20. fxg3 Ng4 21.
Ne4 Bc5+ 22. Kh1 Nf2+ 23. Nxf2 Bxf2 24. Rf1 Be6 25. Qc2 Bd4 26. Bb2 Nf5 27.
Rxf5 Rxf5 28. Bxd4 exd4 29. Be4 Rh5 30. Qg2 Bh3 31. Qf2 Rd8 32. Nd5 Qe5 33. Nf4
Rf8 34. Re1 Rxf4 35. gxf4 Qd6 36. Bd5+ Kf8 37. Qxd4 Qxa3 38. Qe4 Bd7 39. Qg6
Rxd5 40. cxd5 Qc5 41. Qe4 Bxb5 42. Qf5+ Kg8 43. Qe6+ Kh8 44. Qe5 Bxd3 45. Rg1
Qf8 46. d6 Bf5 47. Qe7 Kg8 48. Qxf8+ Kxf8 49. Ra1 a6 50. Rd1 Ke8 51. Kg2 Kd7
52. Kf2 g5 53. fxg5 hxg5 54. Rd5 Be6 55. Rxg5 Kxd6 56. h4 b5 57. h5 Ke7 58.
Rg7+ Kf6 59. h6 Bf5 60. Ra7 b4 61. h7 Bxh7 62. Rxh7 Ke5 63. Ke3 Kd5 64. Rc7 a5
65. Kd3 a4 66. Ra7 a3 67. Kc2 Kc4 68. Rc7+ Kb5 69. Kb3 Kb6 70. Rc4 Kb5 71.
Rxb4+ Kc5 72. Kxa3 Kd5 73. Kb3 Kc5 74. Kc3 Kd5 75. Rc4 Ke5 76. Rd4 Kf5 77. Kd3
Ke5 78. Ke3 Kf5 79. Re4 Kg5 80. Rf4 Kg6 81. Ke4 Kg5 82. Ke5 Kg6 83. Rf5 Kg7 84.
Rf6 Kg8 85. Ke6 Kg7 86. Ke7 Kg8 87. Rf7 Kh8 88. Kf6 Kg8 89. Ra7 1-0

[Event "Solingen-ch 2019"]
[Site "Solingen"]
[Date "2019.12.06"]
[Round "7.10"]
[White "Kaiser, Stephan"]
[Black "Bauer, Matthias"]
[Result "1/2-1/2"]
[WhiteElo "1717"]
[BlackElo "1645"]
[PlyCount "52"]
[EventDate "2019.??.??"]
[WhiteTeam "SG Solingen"]
[BlackTeam "SV Günnigfeld"]

1. d4 g6 2. c4 c6 3. Nc3 d5 4. Nf3 Bg7 5. Bf4 Nf6 6. e3 O-O 7. h3 Qa5 8. Bd3
dxc4 9. Bxc4 Ne4 10. Qb3 Nd7 11. O-O Nxc3 12. bxc3 Nb6 13. Bc7 Qa4 14. Bxb6
axb6 15. Qxa4 Rxa4 16. Bb3 Ra3 17. c4 Bf5 18. Rfd1 Rd8 19. Rac1 h6 20. Rd2 e5
21. Rcd1 exd4 22. Nxd4 Bxd4 23. Rxd4 Rxd4 24. exd4 Ra5 25. f3 b5 26. c5 Be6
1/2-1/2

[Event "Solingen-ch 2019"]
[Site "Solingen"]
[Date "2019.12.06"]
[Round "7.11"]
[White "Falk, Thomas"]
[Black "Kondziella, Tim"]
[Result "1/2-1/2"]
[WhiteElo "1558"]
[BlackElo "983"]
[PlyCount "105"]
[EventDate "2019.??.??"]
[WhiteTeam "Elberfelder SG"]
[BlackTeam "SG Solingen"]

1. d4 Nf6 2. Bf4 d5 3. e3 Bf5 4. Bd3 Bg6 5. Nc3 e6 6. Nf3 Be7 7. Nb5 Na6 8. a3
c6 9. Nc3 O-O 10. Bxg6 hxg6 11. b4 Nxb4 12. Rb1 Na6 13. Rxb7 Bxa3 14. Qa1 Bb4
15. O-O Qa5 16. Ne2 Nh5 17. Qxa5 Bxa5 18. Ra1 Nxf4 19. Nxf4 Rfb8 20. Rb3 g5 21.
Nxg5 Bd8 22. Nxf7 Kxf7 23. Rxa6 Bb6 24. Nd3 Ke7 25. Kf1 Rc8 26. Rc3 Rc7 27. Nc5
Kd6 28. Na4 Rb8 29. Rb3 Rcb7 30. Nxb6 axb6 31. Ke2 e5 32. f3 Ke6 33. Kd3 Kf5
34. e4+ Kf4 35. dxe5 Kxe5 36. exd5 Kxd5 37. Ke2 Re8+ 38. Re3 Rxe3+ 39. Kxe3
Re7+ 40. Kd2 Rd7 41. Ra3 Kc4+ 42. Rd3 Rxd3+ 43. cxd3+ Kb3 44. g4 b5 45. g5 b4
46. f4 Ka2 47. f5 b3 48. f6 gxf6 49. gxf6 b2 50. f7 b1=Q 51. f8=Q Qb2+ {(=)}
52. Ke3 Qe5+ 53. Kd2 1/2-1/2

[Event "Solingen-ch 2019"]
[Site "Solingen"]
[Date "2019.12.06"]
[Round "7.12"]
[White "Lux, Andreas"]
[Black "Fodor, Bernhard"]
[Result "1-0"]
[WhiteElo "1787"]
[BlackElo "1345"]
[PlyCount "61"]
[EventDate "2019.??.??"]
[WhiteTeam "SG Solingen"]
[BlackTeam "SG Solingen"]

1. d4 g6 2. e4 Bg7 3. Be3 Nf6 4. f3 d6 5. Qd2 Nbd7 6. Bh6 O-O 7. g4 Ne8 8. Bxg7
Nxg7 9. h4 e5 10. Nc3 Ne6 11. d5 Nf4 12. O-O-O a6 13. Qh2 h5 14. Nge2 Qf6 15.
Kb1 Nb6 16. g5 Qg7 17. Nxf4 exf4 18. Qxf4 Nd7 19. Bh3 Qe5 20. Qe3 Nb6 21. f4
Qg7 22. Rd4 Bxh3 23. Rxh3 Rae8 24. a4 Re7 25. Rb4 a5 26. Rxb6 cxb6 27. Qxb6 f6
28. Qxd6 fxg5 29. fxg5 Qf7 30. Rh1 Qg7 31. Qb6 1-0

[Event "Solingen-ch 2019"]
[Site "Solingen"]
[Date "2019.12.06"]
[Round "7.13"]
[White "Scheidtmann, Kian"]
[Black "Schubert, Stefan"]
[Result "1-0"]
[WhiteElo "1297"]
[BlackElo "1572"]
[PlyCount "81"]
[EventDate "2019.??.??"]
[WhiteTeam "SG Solingen"]
[BlackTeam "SG Solingen"]

1. e4 c5 2. Nf3 Nc6 3. d4 cxd4 4. Nxd4 Nf6 5. Nc3 d6 6. Be3 Ng4 7. Qd2 Nxe3 8.
Qxe3 Qb6 9. Nxc6 Qxe3+ 10. fxe3 bxc6 11. Bc4 Rb8 12. b3 e6 13. O-O Be7 14. Rad1
O-O 15. Ne2 d5 16. exd5 exd5 17. Bd3 Bg4 18. h3 Bh5 19. g4 Bg6 20. Bxg6 hxg6
21. Nd4 Rb6 22. Kg2 c5 23. Nf3 Rd6 24. h4 Rfd8 25. Rh1 Re6 26. Rde1 Re4 27. g5
f5 28. h5 Rg4+ 29. Kf2 Bxg5 30. hxg6 Bh6 31. Ne5 Re4 32. Nf7 Rde8 33. Nxh6+
gxh6 34. Rxh6 R8e7 35. Rhh1 Rg4 36. Reg1 Rxg1 37. Rxg1 Kg7 38. c3 Re6 39. Kf3
Re4 40. Rg5 Kf6 41. g7 1-0